000
00247nam a2200097Ia 4500
001
777090
005
20250826165900.0
008
250824s9999 xx 000 0 und d
245
0
_a
İNSAN RUHUNUN HARİTASI
_c
AHMET ÜMİT
260
_b
EVEREST YAYINLARI
999
_c
777090
_d
777090